| Tag |
First Indicator |
Second Indicator |
Subfields |
| LEADER |
00000cam a22000008i 4500 |
| 001 |
in00003742921 |
| 005 |
20210308105031.0 |
| 006 |
m|||||o||d|||||||| |
| 007 |
cr ||||||||||| |
| 008 |
120719s2014||||enk o ||1 0|eng|d |
| 020 |
|
|
|a 9781139565516 (ebook)
|
| 020 |
|
|
|z 9781107035874 (hardback)
|
| 020 |
|
|
|z 9781107562080 (paperback)
|
| 035 |
|
|
|a (UkCbUP)CR9781139565516
|
| 035 |
|
|
|a 5321668
|
| 040 |
|
|
|a UkCbUP
|b eng
|e rda
|c UkCbUP
|d UtOrBLW
|
| 050 |
0 |
0 |
|a HG4521
|b .C257 2014
|
| 082 |
0 |
0 |
|a 658.15/5
|2 23
|
| 245 |
0 |
0 |
|a Cambridge Handbook of Institutional Investment and Fiduciary Duty /
|c edited by James P. Hawley, Andreas G. F. Hoepner, Keith L. Johnson, Joakim Sandberg, Edward J. Waitzer.
|
| 246 |
3 |
|
|a Cambridge Handbook of Institutional Investment & Fiduciary Duty
|
| 264 |
|
1 |
|a Cambridge :
|b Cambridge University Press,
|c 2014.
|
| 300 |
|
|
|a 1 online resource (512 pages)
|
| 336 |
|
|
|a text
|b txt
|2 rdacontent
|
| 337 |
|
|
|a computer
|b c
|2 rdamedia
|
| 338 |
|
|
|a online resource
|b cr
|2 rdacarrier
|
| 500 |
|
|
|a Title from publisher's bibliographic system (viewed on 29 Sep 2016).
|
| 520 |
|
|
|a The Cambridge Handbook of Institutional Investment and Fiduciary Duty is a comprehensive reference work exploring recent changes and future trends in the principles that govern institutional investors and fiduciaries. A wide range of contributors offer new perspectives on the dynamics that drive the current emphasis on short-term investment returns. Moreover, they analyze the forces at work in markets around the world which are bringing into sharper focus the systemic effects that investment practices have on the long-term stability of the economy and the interests of beneficiaries in financial, social and environmental sustainability. This volume provides a global and multi-faceted commentary on the evolving standards governing institutional investment, offering guidance for students, researchers and policy-makers interested in finance, governance and other aspects of the contemporary investment world. It also provides investment, business, financial media and legal professionals with the tools they need to better understand and respond to the new financial market challenges of the twenty-first century.
|
| 650 |
|
0 |
|a Institutional investments.
|0 http://id.loc.gov/authorities/subjects/sh85066746
|
| 650 |
|
0 |
|a Trusts and trustees.
|0 http://id.loc.gov/authorities/subjects/sh85138271
|
| 655 |
|
7 |
|a Electronic books.
|2 local
|
| 700 |
1 |
|
|a Hawley, James P,
|e editor.
|
| 700 |
1 |
|
|a Hoepner, Andreas G. F.,
|e editor.
|0 http://id.loc.gov/authorities/names/no2017016316
|
| 700 |
1 |
|
|a Johnson, Keith L.,
|e editor.
|0 http://id.loc.gov/authorities/names/nb2010016863
|
| 700 |
1 |
|
|a Sandberg, Joakim,
|e editor.
|0 http://id.loc.gov/authorities/names/no2008064702
|
| 700 |
1 |
|
|a Waitzer, Edward J.,
|e editor.
|0 http://id.loc.gov/authorities/names/no2017016471
|
| 710 |
2 |
|
|a Cambridge University Press.
|0 http://id.loc.gov/authorities/names/n50059133
|
| 730 |
0 |
|
|a Cambridge histories online.
|
| 776 |
1 |
8 |
|i Print version:
|z 9781107035874
|
| 856 |
4 |
0 |
|u http://proxy.library.tamu.edu/login?url=https://dx.doi.org/10.1017/CBO9781139565516
|z Connect to the full text of this electronic book
|t 0
|
| 999 |
f |
f |
|s 516b0ed5-9e6b-341f-929d-e19159bff8ec
|i 3020e27d-602d-365f-b934-94de6cc317e6
|t 0
|
| 952 |
f |
f |
|a Texas A&M University
|b College Station
|c Electronic Resources
|d Available Online
|t 0
|e HG4521 .C257 2014
|h Library of Congress classification
|
| 998 |
f |
f |
|a HG4521 .C257 2014
|t 0
|l Available Online
|